| 000 | 00582nam a22002057a 4500 | ||
|---|---|---|---|
| 003 | SISC | ||
| 005 | 20160217140806.0 | ||
| 008 | 130906t xxu||||| |||| 00| 0 eng d | ||
| 050 |
_aQD 45 _b.M996 2000 |
||
| 082 |
_aHS 540 _bM99 2000 |
||
| 100 |
_aMyers, R. Thomas _916763 |
||
| 245 |
_aHolt chemistry : visualizing matter / _cR. Thomas Myers |
||
| 250 | _aTechnology Edition | ||
| 260 |
_aAustin : _bHolt, Rinehart, _cc2000. |
||
| 300 |
_a484 p. ; _bill. col. ; _c29 cm. |
||
| 650 |
_aChemistry _91508 |
||
| 700 |
_aOldham, Keith B. _916764 |
||
| 942 |
_2lcc _cBK |
||
| 999 |
_c10463 _d10463 |
||